000 00328nam a2200145Ia 4500
008 230718s9999 xx 000 0 und d
041 _aEng.
082 _a330
_bAZI-E
100 _aAziz, shokat
245 0 _aEconomic survey
260 _aPakistan
_bPastenon Publisher
_c2003
300 _a157
650 _aLaw
999 _c27268
_d27268